| 000 | 00760nam a22001817a 4500 | ||
|---|---|---|---|
| 999 |
_c18916 _d18916 |
||
| 003 | AR-CdUCM | ||
| 008 | 190515b ||||| |||| 00| 0 spa d | ||
| 040 |
_aMUNICIPALIDAD PROVINCIAL DEL CUSCO _cBIBLIOTECA MUNICIPAL DEL CUSCO |
||
| 082 |
_a354 / _bR93 |
||
| 100 |
_aRuíz Marquillo, Darwin _939835 |
||
| 245 | _aAdministración de personal / | ||
| 260 |
_aLima : _bArgentina, _c1987. |
||
| 300 |
_a302 páginas ; _c21 cm. |
||
| 505 | _aContenido: La administración de personal -- Proceso de selección de personal -- Proceso de registro y control de personal -- Proceso de desarrollo del personal -- Proceso de evaluación y calificación del personal... | ||
| 650 |
_aAdministración de personal _935895 |
||
| 942 |
_2ddc _cLIBROS |
||
| 945 |
_aacv _d2019-05-15 |
||